| 000 | 00422 a2200133 4500 | ||
|---|---|---|---|
| 003 | Nust | ||
| 005 | 20170207171646.0 | ||
| 040 | _cNust | ||
| 082 | _a799 | ||
| 245 |
_a46- Meet with Dir Proj (PMO) NUST ,Brig Nasir Zaidi (Retd) ,Photographs-2016 _cMCS |
||
| 260 |
_aRawalpindi _bMCS _c08-03-2016 |
||
| 650 | _a46- Meet with Dir Proj (PMO) NUST ,Brig Nasir Zaidi (Retd) ,Photographs-2016 DVD No 26 (Vol-II) | ||
| 651 | _aSweet Memories-MCS | ||
| 942 | _cBK | ||
| 999 |
_c218253 _d218253 |
||